000 00803cam a2200205 4500
001 L104622
008 120305n2012 000 0 eng u
035 _a(Sirsi) u104622
041 _aeng
110 _aBuilding Cost Information Service
_91096
245 _aBCIS
_h[electronic resource]
260 _aLondon
_bBCIS
_c2012
520 _aBCIS, the RICS' Building Cost Information Service, is the leading provider of cost information to the construction industry and anyone else who needs comprehensive, accurate and independent data.
650 _aBCIS/ABI HOUSE REBUILDING COST INDEX
651 4 _aUnited Kingdom
_y
651 4 _aInternational
690 _aBUILT ENVIRONMENT-BUILDING COSTS
856 4 0 _uhttps://www.bcis.co.uk/
_zView the website free of charge at www.bcis.co.uk
942 _n0
999 _c119430
_d119430